000 00821nam a22001937a 4500
003 BD-DhUL
005 20161013195748.0
008 161013s2007 b ||||| |||| 00| 0 eng d
020 _a9840745891
040 _cBD-DhUL
_dBD-DhUL
082 _a582.16
_bLAK
100 _aলাহিড়ী, অরুন কুমার
245 1 0 _aকাঠের শ্রেণিবিন্যাস :
_bবাংলাদেশ প্রেক্ষাপট /
_cঅরুন কুমার লাহিড়ী,
260 _aঢাকা :
_bবাংলা একাডেমী,
_c২০০৭।
300 _a২৯৬ পৃ. :
_bচ্ত্রি (কিছু রংগীন)
_c ; ২২ সেমি.
650 0 _aবৃ্‌ক্ষ - ইতিহাস
650 0 _aBrksa - History
942 _2ddc
_cBK
999 _c109027
_d109027